书目信息 |
| 题名: |
你在为谁读书
|
|
| 作者: | 赵汇峰 著 | |
| 分册: | ||
| 出版信息: | 北京 北京时代华文书局 2015 |
|
| 页数: | 211页 | |
| 开本: | 24cm | |
| 丛书名: | ||
| 单 册: | ||
| 中图分类: | G442 | |
| 科图分类: | ||
| 主题词: | 学习动机--xue xi dong ji--青少年读物 | |
| 电子资源: | ||
| ISBN: | 978-7-5699-0172-6 | |
| 000 | 01003nam0 2200265 450 | |
| 001 | 1775790942 | |
| 005 | 20161207151528.0 | |
| 010 | @a978-7-5699-0172-6@dCNY32.00 | |
| 100 | @a20151010d2015 demy0chiy50 ea | |
| 101 | 0 | @achi |
| 102 | @aCN@b110000 | |
| 105 | @ay z 000yy | |
| 106 | @ar | |
| 200 | 1 | @a你在为谁读书@Ani zai wei shui du shu@d= Who are you studying for@e哈佛大学给青少年的人生规划课@f赵汇峰著@zeng |
| 210 | @a北京@c北京时代华文书局@d2015 | |
| 215 | @a211页@d24cm | |
| 300 | @a最新修订珍藏版 | |
| 330 | @a本书通过哈佛学子的成功之法,向青少年阐述了一个简单而深刻的道理——你是在为自己读书,从而让青少年真正意识到读书的目的以及读书对于自己未来人生命运的重要性。 | |
| 510 | 1 | @aWho are you studying for@zeng |
| 517 | 1 | @a哈佛大学给青少年的人生规划课@Aha fo da xue gei qing shao nian de ren sheng gui hua ke |
| 606 | 0 | @a学习动机@Axue xi dong ji@j青少年读物 |
| 690 | @aG442@v5 | |
| 701 | 0 | @a赵汇峰@AZhao Huifeng@4著 |
| 801 | 0 | @aCN@bDLILI@c20151010 |
| 905 | @aBZT@dG442@e10 | |
| 你在为谁读书= Who are you studying for:哈佛大学给青少年的人生规划课/赵汇峰著.-北京:北京时代华文书局,2015 |
| 211页;24cm |
| 最新修订珍藏版 |
| ISBN 978-7-5699-0172-6:CNY32.00 |
| 本书通过哈佛学子的成功之法,向青少年阐述了一个简单而深刻的道理——你是在为自己读书,从而让青少年真正意识到读书的目的以及读书对于自己未来人生命运的重要性。 |
| ● |
| 相关链接 |
|
|
|
正题名:你在为谁读书
索取号:G442/10
 
预约/预借
| 序号 | 登录号 | 条形码 | 馆藏地/架位号 | 状态 | 备注 |
| 1 | 828428 | 2000828428 | 第二书库/ [索取号:G442/10] | 在馆 | |
| 2 | 828429 | 2000828429 | 第二书库/ [索取号:G442/10] | 在馆 | |
| 3 | 828430 | 2000828430 | 第二书库/ [索取号:G442/10] | 在馆 |